00912nam a2200253 i 4500001000700000003000700007005001700014008004100031020001800072080002100090100002900111245006900140260004700209300003200256490003100288500001800319500001400337504003200351600004100383830003900424852005300463999001900516952012300535185879SpMaBN20230906222534.0160817s1985 sp c |||| |dspa d a84-85641-57-4 a1 Böhme, Jacob1 aReguera, Isidoro.99593210aObjetos de melancolía b: (Jacob Böhme) / cIsidoro Reguera. aMadrid : bEdiciones Libertarias, c[1985] a259 p. : bretr. ; c20 cm.1 aPluma rota ; v2. aEnsayo aCronología. aÍndice. aBibliografía: p. 287-291.14aBöhme, Jakob (d1575-1624)91604690 aPluma rota ; v2. aEnsayo9224951 aES-MaACLjL-30565 z. - Donat. Miguel A. Velasco c185879d185879 00104070aATENEOMbATENEOMcDEPO2d2016-08-17eDONl0oL-30565p1195939r2023-02-23 00:00:00w2023-02-23yMONOGRAFIA